[Event "SapporoAutumn2018"]
[Site "?"]
[Date "2018.10.08"]
[Round "5.3"]
[White "YOSHII, Yukihiko"]
[Black "ITO, Katsuhide"]
[Result "1-0"]
[WhiteElo "1820"]
[BlackElo "1321"]
[Annotator "Fritz 15 (30s)"]
[PlyCount "71"]
[SourceVersionDate "2018.10.07"]

{[%mdl 8256] E65: King's Indian: Fianchetto: 6...c5 7 0-0 without d5 by White} 
1. c4 c5 2. Nc3 Nc6 3. g3 g6 4. Bg2 Bg7 5. Nf3 Nf6 6. O-O O-O 7. e3 d6 8. d4
cxd4 (8... Bd7 9. b3 cxd4 10. exd4 a6 11. a4 Rc8 12. Re1 d5 13. c5 Bg4 14. h3
Bxf3 15. Bxf3 e6 16. Rb1 Nxd4 17. Qxd4 Ne4 18. Rxe4 Bxd4 19. Rxd4 Qf6 20. Rd3
Qf5 21. Be2 d4 22. Rxd4 Rxc5 23. Ne4 {Nepomniachtchi,I (2721)-Wang,H (2735)
Beijing 2013 1-0 (48)}) 9. exd4 d5 (9... Bf5 10. b3 Ne4 11. Bb2 {1/2-1/2 (11)
Csolto,R (2260)-Rogos,J (2153) Slovakia 2013}) 10. c5 $146 {White gets more
space} (10. cxd5 Nxd5 11. Nxd5 Qxd5 12. Be3 Bg4 13. Ne5 Qxe5 14. dxe5 Bxd1 15.
Raxd1 Bxe5 16. Rd7 Rab8 17. b3 Bd6 18. Rc1 a5 19. Bb6 Rfc8 20. Rc4 Kf8 21. Bxc6
bxc6 22. Bxa5 Ra8 23. Ra4 Rcb8 24. Bc3 Rxa4 {Raicevic,V (2470)-Smejkal,J (2575)
Bar 1977 1/2-1/2 (56)}) 10... a6 {Prevents intrusion on b5} (10... Ne4 11. Re1
$11) 11. a3 {White has an active position} Qc7 (11... Bg4 12. h3 Bxf3 13. Bxf3
$11) 12. Bf4 $14 e5 $2 (12... Qd8 $142 $5 $14 {and Black can hope to survive})
13. Nxe5 (13. dxe5 $142 Nh5 14. Nxd5 $18) 13... Ne4 $4 {Black has lost his
nerve... understandable when you consider his position} (13... Qd8 $142 $16)
14. Nxg6 $1 {Discovered attack: e5, Bf4xc7} Qd8 (14... fxg6 15. Bxc7 {
Discovered attack}) (14... hxg6 15. Bxc7 {Discovered attack}) 15. Nxf8 Nxc3 (
15... Kxf8 {does not save the day} 16. Nxe4 dxe4 17. d5 $18) 16. bxc3 Bxf8 (
16... Qxf8 {cannot undo what has already been done} 17. Bxd5 Be6 18. Bd6 $18)
17. Qb3 Na5 (17... Qf6 {doesn't get the bull off the ice} 18. Qxd5 h6 19. Rfe1
$18) 18. Qxd5 Be6 (18... Bd7 {doesn't change the outcome of the game} 19. Rfb1
Bg7 20. Be4 $18) 19. Qg5+ (19. Qxd8 $142 {and White has prevailed} Rxd8 20. Bc7
Nc6 21. Bxd8 Nxd8 $18) 19... Qxg5 20. Bxg5 h6 (20... Bd7 {is not the saving
move} 21. Rfe1 $18) 21. Bf4 Rd8 (21... Bf5 {a fruitless try to alter the
course of the game} 22. Bc7 Nc6 23. d5 Bxc5 24. dxc6 bxc6 25. Bf4 $18) 22. Bc7
Rd7 (22... Nc6 {doesn't change anything anymore} 23. Bxd8 Nxd8 24. Rfb1 $18)
23. Bxa5 Be7 24. Rab1 Bc4 25. Rfe1 b5 26. cxb6 (26. c6 Ra7 27. Bb6 Rc7 28. Bxc7
Bd3 29. Rxe7 h5 30. Be5 Kh7 31. c7 Bf5 32. Rxf7+ Kg6 33. Rf6+ Kg7 34. Rxf5+ Kh7
35. c8=Q Kg6 36. Qe6+ Kh7 37. Rxh5#) 26... Bd6 27. Re8+ Kg7 28. b7 Bb5 29. b8=Q
(29. Rxb5 axb5 30. Bb4 Rxb7 31. Bxb7 Bc7 32. Rc8 Ba5 33. Bxa5 h5 34. Be4 f5 35.
Bxf5 Kf7 36. Bd8 Kf8 37. Bg5+ Kg7 38. Rc7+ Kg8 39. Bf6 Kf8 40. Bg6 Kg8 41. Rc8#
) 29... Bxb8 $18 30. Rxb8 Re7 31. Bd5 (31. Rb7 $142 {and White can already
relax} Rxb7 32. Bxb7 f5 $18) 31... Bd3 32. R1b7 Re1+ 33. Kg2 Bf1+ 34. Kf3 Be2+
35. Kf4 Bh5 36. Bc7 (36. Bc7 Kh7 37. Be5 Rxe5 38. dxe5 a5 39. e6 a4 40. exf7
Bxf7 41. Rxf7+ Kg6 42. Rg8+ Kh5 43. Bf3#) 1-0

[Event "SapporoAutumn2018"]
[Site "?"]
[Date "2018.10.08"]
[Round "5.4"]
[White "WATANABE, Katsumi"]
[Black "NISHIMORI, Toshiyuki"]
[Result "1-0"]
[WhiteElo "1705"]
[BlackElo "1797"]
[Annotator "Fritz 15 (30s)"]
[PlyCount "55"]
[SourceVersionDate "2018.10.07"]

{[%mdl 8192] D02: 1 d4 d5 2 Nf3 sidelines, including 2...Nf6 3 g3 and 2...Nf6
3 Bf4} 1. d4 Nf6 2. Nf3 d5 3. g3 Nc6 4. Bg2 Bf5 5. O-O e6 6. b3 Nb4 (6... Be7
7. Bb2 O-O 8. Nbd2 Ne4 9. c4 Qd7 10. Rc1 Rad8 11. a3 a5 12. e3 Rfe8 13. Qe2 h6
14. Nxe4 Bxe4 15. Rfd1 Bf6 16. Bh3 Bf5 17. Bg2 Be4 18. Bh3 Bf5 19. Bg2 {
1/2-1/2 (19) Csom,I (2505)-Balashov,Y (2595) Budapest 1982}) 7. Na3 Be7 (7...
c5 8. c3 Nc6 9. Bb2 Rc8 10. Rc1 Qa5 11. dxc5 Bxc5 12. b4 Qb6 13. e3 Be7 14. Qe2
O-O 15. Nc2 Bg4 16. h3 Bh5 17. Ncd4 Nxd4 18. exd4 Ne4 19. g4 Bg6 20. Ne5 Nd6
21. Nd7 Qc6 22. Nxf8 {Solomons,D (2169)-Oliveira,L (2189) Tunis 2013 0-1}) 8.
Bb2 a6 $146 {Consolidates b5} (8... a5 9. Ne5 O-O 10. c3 Na6 11. Nc2 h6 12. a3
c6 13. c4 Nd7 14. Ne3 Bh7 15. Nd3 Nc7 16. Rc1 Qb8 17. Qd2 Qa7 18. cxd5 exd5 19.
Bh3 Rfd8 20. Bf5 Ne6 21. Nf4 Nxf4 22. gxf4 Nf6 23. Kh1 {Vukic,M (2490)-Barle,J
(2450) Ljubljana 1997 1/2-1/2 (69)}) 9. c4 (9. Nh4 Bg4 $11) 9... O-O 10. Ne5
dxc4 (10... c6 $142 $5 $11 {is the best option Black has}) 11. Naxc4 $16 c6 12.
a3 b5 $4 {causes further problems for White} (12... Nbd5 $142 $16) 13. axb4 $18
bxc4 14. Nxc6 Qc7 15. Nxe7+ Qxe7 16. Bxa8 (16. b5 $5 {might be the shorter path
} Qb4 17. bxa6 Rfe8 18. Bxa8 Rxa8 $18) 16... Rxa8 17. Ra4 Qb7 (17... Qc7 18.
Qa1 cxb3 19. Rxa6 Rxa6 20. Qxa6 $18) 18. f3 (18. bxc4 {and White can already
relax} Bh3 19. f3 Bxf1 20. Kxf1 Nd7 $18) 18... cxb3 19. Qxb3 Qb5 (19... h6 20.
e4 Bh3 21. Rc1 $18) 20. Rf2 Rc8 (20... Rb8 21. Qa3 $18) 21. Ra5 Qb6 (21... Bc2
{does not solve anything} 22. Qa3 Qd7 23. Rxa6 $18) 22. Rc5 (22. e4 {makes it
even easier for White} Bg6 $18) 22... Rb8 23. e4 Bg6 24. Rfc2 Nd7 (24... h5 $18
{there is nothing better in the position}) 25. Rc8+ Rxc8 26. Rxc8+ Nf8 27. Qc4
f6 (27... Bh5 {praying for a miracle} 28. g4 Qd6 $18) 28. Qc5 (28. Qc5 Qxc5 29.
dxc5 $18) 1-0

[Event "SapporoAutumn2018"]
[Site "?"]
[Date "2018.10.08"]
[Round "5.5"]
[White "KOYAHATA, Taku"]
[Black "TAKEUCHI, Hiroshi"]
[Result "0-1"]
[WhiteElo "1425"]
[BlackElo "1248"]
[Annotator "Fritz 15 (30s)"]
[PlyCount "42"]
[SourceVersionDate "2018.10.07"]

{[%mdl 8256] D25: Queen's Gambit Accepted: 4 e3: sidelines and 4...Bg4} 1. d4
d5 2. c4 Nf6 3. e3 g6 4. Nc3 dxc4 5. Bxc4 Bg7 6. Nf3 O-O 7. O-O Nc6 8. Bd3 $146
(8. h3 a6 (8... Bf5 9. Re1 Ne4 10. Bd3 Nxc3 11. bxc3 Bxd3 12. Qxd3 e5 13. Rd1
Qe7 14. Qb1 Rab8 15. a4 Rfd8 16. a5 Qe8 17. Bb2 b6 18. axb6 axb6 19. Qc2 Ra8
20. d5 Na5 21. c4 Nb7 22. e4 f6 23. Nd2 {Batchelor,P (2177)-Das,A (2435)
Glasgow 2014 1/2-1/2 (38)}) 9. e4 b5 10. Bb3 Nd7 11. Bg5 Na5 12. Nd5 Nf6 13.
Nxf6+ exf6 14. Bh4 Bb7 15. Bc2 Qd7 16. b3 Nc6 17. Qd2 f5 18. exf5 Nxd4 19. Nxd4
Bxd4 20. Rae1 Rfe8 21. Rxe8+ Rxe8 22. Kh1 Qc6 {Milev,Z-Smyslov,V Moscow 1959
0-1 (43)}) (8. b3 a6 9. Bb2 Bf5 10. Rc1 Ne4 11. Nxe4 Bxe4 12. Ba3 a5 13. Ng5
Bd5 14. Bxd5 Qxd5 15. Rc5 Qd8 16. Qc2 Nb4 17. Bxb4 axb4 18. Rb5 e5 19. Nf3 exd4
20. exd4 Bxd4 21. Rd1 c5 22. Nxd4 cxd4 {Agzamov,G (2590)-Balashov,Y (2495)
Riga 1985 1/2-1/2 (57)}) 8... b6 9. Ne4 (9. a3 Bb7 $14) 9... Bb7 $11 10. Nxf6+
Bxf6 11. Bd2 (11. Be4 Qd7 $11) 11... e5 $15 12. Bc3 (12. Be4 $5 {is an
interesting idea} exd4 13. Rc1 dxe3 14. Bxe3 $15) 12... exd4 $17 13. exd4 Nxd4
14. Be2 $2 (14. Nxd4 $142 Bxd4 15. Bxd4 Qxd4 16. Qc2 $17) 14... Nxe2+ $19 15.
Qxe2 Bxc3 16. bxc3 Re8 17. Rad1 $4 {the position was bad, and this mistake
simply hastens the end} (17. Qc4 $19) 17... Rxe2 18. Rxd8+ Rxd8 19. Nd4 (19. a4
{a fruitless try to alter the course of the game} Bxf3 20. gxf3 Rd3 $19) 19...
Rxa2 20. Rc1 c5 21. Nc2 Rxc2 $1 {Deflection: d1} (21... Rxc2 22. Rf1 a5 $19)
0-1

[Event "SapporoAutumn2018"]
[Site "?"]
[Date "2018.10.08"]
[Round "5.6"]
[White "SATO, Yasuji"]
[Black "KOBAYASHI, Katsuhiko"]
[Result "0-1"]
[WhiteElo "1585"]
[BlackElo "1488"]
[Annotator "Fritz 15 (30s)"]
[PlyCount "80"]
[SourceVersionDate "2018.10.07"]

{[%mdl 8256] C56: Two Knights: 4 d4 exd4 5 0-0 Nxe4} 1. e4 e5 2. Bc4 Nf6 3. Nf3
Nc6 4. d4 {White threatens to win material: d4xe5} Nxd4 $146 (4... Nxe4 5. dxe5
Nc5 (5... Qe7 6. O-O h6 7. Qd5 Ng5 8. Nxg5 hxg5 9. Nc3 Nxe5 10. Bd2 c6 11. Qd4
Qd6 12. Qxd6 Bxd6 13. Rae1 Kd8 14. Bb3 f6 15. Ne4 Be7 16. Nxg5 fxg5 17. Rxe5
Bd6 18. Bxg5+ Kc7 19. Re4 Bxh2+ 20. Kh1 {MacLeod,S (2200)-Vassilaropoulos,N 
(2200) Australia 1973 0-1}) 6. Bf4 (6. Nc3 Ne6 7. Ne4 Be7 8. Bd2 f6 9. exf6
Bxf6 10. Nxf6+ Qxf6 11. Bc3 Qg6 12. Qe2 O-O 13. O-O-O Re8 14. Rd5 Kf8 15. Qd2
Qe4 16. b3 Re7 17. Re1 Qg4 18. Ng5 Nxg5 19. Rxe7 Ne4 20. Rxe4 Qxe4 {Regan,K 
(2375)-Lein,A (2525) Lone Pine 1977 1-0}) (6. O-O Ne6 (6... Be7 7. Nc3 O-O 8.
Be3 Ne6 9. Nd5 Bc5 10. Qe2 Bxe3 11. Qxe3 a6 12. Rad1 Ne7 13. Qe4 Kh8 14. Ne3
Rb8 15. Bxe6 fxe6 16. Ng5 Nf5 17. Nxe6 Nd6 18. Rxd6 {1-0 (18) Bademian
Orchanian,J (2235)-Diano,D (2200) Piriapolis 1977}) 7. Nc3 Be7 8. Ne4 O-O 9. c3
Nc5 10. Nxc5 Bxc5 11. Re1 Be7 12. Bf4 Kh8 13. Qd2 Na5 14. Bd3 d5 15. exd6 Bxd6
16. Rad1 Bg4 17. Bxd6 Qxd6 18. Re3 Rad8 19. b3 Nc6 20. Qc2 Qf6 {Viela,M (2219)
-Garcia Rodriguez,V (2222) Torres Vedras 2011 1/2-1/2 (66)}) 6... Ne6 7. Bg3
Be7 8. Nc3 O-O 9. Nd5 Na5 10. Bd3 f5 11. Qd2 Nc6 12. O-O-O a6 13. h4 b5 14. h5
Bb7 15. Nxe7+ Qxe7 16. Nh4 f4 17. Ng6 hxg6 18. hxg6 Nxe5 19. Rh4 {Teichmann,
R-Marshall,F London 1902 1/2-1/2 (31)}) (4... exd4 5. e5 d5 6. Bb5 $11) 5. Nxe5
(5. Bxf7+ Kxf7 6. Nxe5+ Kg8 7. Qxd4 c5 8. Qc4+ d5 9. exd5 Qxd5 $14) 5... Ne6
$11 6. O-O {White has a strong king attack} Bd6 7. f4 Bc5+ (7... Nxe4 $5 {
deserves consideration} 8. Re1 Bc5+ 9. Be3 Bxe3+ 10. Rxe3 Nd6 $11) 8. Kh1 $14
Nxe4 9. f5 (9. Nxf7 $142 Kxf7 10. f5 Nf2+ 11. Rxf2 Bxf2 12. Qf3 $14) 9... Nf2+
$4 {Black has let it slip away} (9... Qh4 $142 {the rescuing straw} 10. Qd3
Nf2+ 11. Rxf2 Qxf2 $15) 10. Rxf2 $1 $18 {the decision} Bxf2 11. fxe6 fxe6 (
11... dxe6 {hardly improves anything} 12. Qxd8+ Kxd8 13. Nxf7+ Ke7 14. Nxh8 Bd4
$18) 12. Nc3 (12. Qh5+ $142 {and White has reached his goal} g6 13. Nxg6 $18)
12... O-O $16 13. Nf3 (13. Bd3 $142 Qf6 14. Ng4 $16) 13... Rxf3 $4 (13... d5
$142 {the only rescuing move} 14. Bd3 Bh4 $14) 14. Qxf3 (14. Bxe6+ $142 {
keeps an even firmer grip} Kh8 15. Qxf3 dxe6 16. Bg5 $18) 14... Qh4 (14... Bd4
15. Bd3 d5 $18) 15. Ne4 d5 16. Nxf2 (16. Ng5 $142 $5 {seems even better} Bd7
17. Qf7+ Kh8 $18) 16... Qxc4 (16... dxc4 17. Bf4 $18) 17. Ng4 Qxc2 (17... Qe4
18. Be3 Qxc2 $18) 18. Ne5 (18. Be3 $142 {makes sure everything is clear} Bd7
19. Rc1 $18) 18... Qf5 $16 19. Bf4 b6 20. g4 (20. Nc6 Qf7 21. Rc1 Ba6 $18)
20... Qe4 (20... Qf8 21. Rc1 c5 22. Rf1 $16) 21. Rc1 (21. Qxe4 $142 $5 dxe4 22.
Be3 $18) 21... Qxf3+ $14 22. Nxf3 c5 23. Ne5 {Black has a cramped position. A
sound move} Bb7 24. Kg1 Rf8 25. Rf1 d4 {Black wins space} 26. b3 Ba6 {Black
threatens to win material: Ba6xf1} 27. Rf2 d3 $2 (27... Bb7 $142 $14) 28. g5 $4
{makes life more difficult} (28. Bd2 $142 $16 {with excellent chances for White
}) 28... Rxf4 $1 $19 {touch・} 29. Nxd3 (29. Rxf4 d2 {Promotion Passed pawn})
29... Rg4+ 30. Rg2 (30. Kf1 {a last effort to resist the inevitable} Bxd3+ 31.
Ke1 Rxg5 32. Rb2 $19) 30... Rxg2+ 31. Kxg2 Bxd3 32. Kf3 Bb1 33. a3 Ba2 34. b4
c4 35. Ke3 e5 36. Kd2 e4 37. h4 Bb1 38. h5 c3+ 39. Kxc3 e3 40. Kb2 e2 (40... e2
41. Kxb1 e1=Q+ 42. Kc2 Qe2+ 43. Kc3 Qxh5 44. g6 Qxg6 45. a4 h5 46. Kd4 h4 47.
a5 h3 48. axb6 Qxb6+ 49. Kc3 h2 50. Kb3 Qe3+ 51. Ka2 h1=Q 52. b5 Qd3 53. b6
Qhb1#) 0-1